| 000 | 00352nam a2200121 a 4500 | ||
|---|---|---|---|
| 005 | 20140414093843.0 | ||
| 008 | 090123s19uu xx uuu eng d | ||
| 050 |
_aDVD 371 _bBUI 2006 |
||
| 245 |
_aBuilding background knowledge through wide reading : _ba five-step process. |
||
| 650 |
_aReading _xstudy and teaching. |
||
| 942 | _cAVM | ||
| 999 |
_c109395 _d109395 |
||